000 00454nam a22001097a 4500
005 20250812161448.0
100 _aKitamura Dick H
245 0 _aOur dream to globalize rubber business toward 21st century
260 _bProceedings of the International Rubber Marketing Conference 1996 held in Phuket, 11-13 April.roceedings of the International Rubber Marketing Conference 1996 held in Phuket, 11-13 April.p197-200
650 _aRubber exchange
942 _cJS
999 _c64497
_d64497